Normal view MARC view

Entry Topical Term

Number of records used in: 1

001 - CONTROL NUMBER

  • control field: 243985

003 - CONTROL NUMBER IDENTIFIER

  • control field: OSt

005 - DATE AND TIME OF LATEST TRANSACTION

  • control field: 20251105102445.0

008 - FIXED-LENGTH DATA ELEMENTS

  • fixed length control field: 251105|| aca||aabn | a|a d

040 ## - CATALOGING SOURCE

  • Original cataloging agency: OSt
  • Transcribing agency: OSt

150 ## - HEADING--TOPICAL TERM

  • Topical term or geographic name entry element: Inorganic Chemistry

670 ## - SOURCE DATA FOUND

  • Source citation: Work cat.: (OSt)97298: SONI (P L). 243984, Text book of inorganic chemistry.Ed 20., 1994